[Event "Ruhrgebiet Regionalliga 0910"]
[Site "Germany"]
[Date "2010.03.14"]
[Round "8.5"]
[White "Schoepf, Ulrich"]
[Black "Bischof, Detlef"]
[Result "1/2-1/2"]
[WhiteElo "2053"]
[BlackElo "2286"]
[PlyCount "120"]
[EventDate "2009.09.06"]
[EventType "team-tourn"]
[EventRounds "9"]
[EventCountry "GER"]
[SourceTitle "EXT 2011"]
[Source "ChessBase"]
[SourceDate "2010.11.26"]
[SourceVersion "1"]
[SourceVersionDate "2010.11.26"]
[SourceQuality "1"]
[WhiteTeam "Essen Ueberruhr"]
[BlackTeam "Dortmund Hansa II"]
[WhiteTeamCountry "GER"]
[BlackTeamCountry "GER"]

1. c4 e6 2. Nf3 d5 3. b3 Nf6 4. Bb2 Be7 5. g3 0-0 6. Bg2 c5 7. 0-0 Nc6 8. e3 b6 9. d3 Ba6 10. Qe2 Qd7 11. Rd1 Rfd8 12. Na3 Rac8 13. Ne5 Nxe5 14. Bxe5 Bb7 15. Rac1 Bc6 16. Nc2 Qb7 17. Ne1 Rd7 18. Bb2 Rcd8 19. Nf3 dxc4 20. bxc4 Ne8 21. Ne1 Bxg2 22. Nxg2 Qa6 23. Bc3 Bf6 24. Ne1 Qa3 25. Bxf6 Nxf6 26. Rb1 Ne8 27. Rb3 Qa4 28. Rc1 Qc6 29. Rcc3 Nd6 30. Qf3 Qxf3 31. Nxf3 Nb7 32. Ne1 Na5 33. Rb2 Nc6 34. Kf1 f6 35. Ke2 Kf7 36. Ra3 g5 37. h3 h5 38. Rbb3 Rh8 39. Rc3 f5 40. Ng2 Kf6 41. Rc1 e5 42. h4 g4 43. Rac3 Nb4 44. Ra3 Rhd8 45. Rcc3 Ke6 46. Rcb3 Kd6 47. Rb2 Kc6 48. Ne1 Kb7 49. Rc3 f4 50. a3 f3+ 51. Kd2 Nc6 52. e4 Nd4 53. Nc2 Nxc2 54. Kxc2 Kc6 55. Rcb3 Rb8 56. a4 a6 57. Rb1 Rdb7 58. R1b2 Kc7 59. Rb1 Kc6 60. R1b2 Ra8 1/2-1/2

[Event "Oberliga NRW 0708"]
[Site "Germany"]
[Date "2008.02.10"]
[Round "6.5"]
[White "Bischof, Detlef"]
[Black "Wilde, Pierre"]
[Result "1-0"]
[WhiteElo "2282"]
[BlackElo "2274"]
[PlyCount "77"]
[EventDate "2007.09.16"]
[EventType "team-tourn"]
[EventRounds "9"]
[EventCountry "GER"]
[SourceTitle "EXT 2009"]
[Source "ChessBase"]
[SourceDate "2008.11.26"]
[SourceVersion "1"]
[SourceVersionDate "2008.11.26"]
[SourceQuality "1"]
[WhiteTeam "Dortmund Hansa"]
[BlackTeam "Gescher"]
[WhiteTeamCountry "GER"]
[BlackTeamCountry "GER"]

1. d4 e6 2. c4 Nf6 3. Bg5 Bb4+ 4. Nd2 h6 5. Bh4 c5 6. a3 Bxd2+ 7. Qxd2 g5 8. Bg3 Ne4 9. Qe3 Nxg3 10. hxg3 Qf6 11. Qe5 Qxe5 12. dxe5 Nc6 13. f4 b6 14. Nf3 gxf4 15. gxf4 Ba6 16. e3 Ke7 17. Be2 Rad8 18. g4 f6 19. exf6+ Kxf6 20. Kf2 Na5 21. b4 Nxc4 22. bxc5 bxc5 23. Rxh6+ Kg7 24. Rxh8 Rxh8 25. Bxc4 Bxc4 26. Rc1 d5 27. Ne5 Rh2+ 28. Kg3 Rb2 29. Nxc4 dxc4 30. Rxc4 Rb3 31. Kf3 Rxa3 32. Rxc5 a5 33. Rc7+ Kf8 34. g5 a4 35. Ke4 Ke8 36. g6 Kf8 37. Ke5 Rxe3+ 38. Kf6 Ke8 39. g7 1-0

[Event "BL2-West 0607"]
[Site "Germany"]
[Date "2007.04.22"]
[Round "9.7"]
[White "Geske, Julian"]
[Black "Bischof, Detlef"]
[Result "1-0"]
[WhiteElo "2148"]
[BlackElo "2274"]
[PlyCount "52"]
[EventDate "2006.10.15"]
[EventType "team-tourn"]
[EventRounds "9"]
[EventCountry "GER"]
[SourceTitle "EXT 2008"]
[Source "ChessBase"]
[SourceDate "2007.11.25"]
[SourceVersion "1"]
[SourceVersionDate "2007.11.25"]
[SourceQuality "1"]
[WhiteTeam "Hofheim"]
[BlackTeam "Dortmund Hansa"]
[WhiteTeamCountry "GER"]
[BlackTeamCountry "GER"]

1. e4 e6 2. Nf3 d5 3. Nc3 Nf6 4. e5 Nfd7 5. d4 c5 6. dxc5 Nc6 7. Bf4 Bxc5 8. Bd3 f6 9. exf6 Nxf6 10. 0-0 0-0 11. Ne5 Bd7 12. Nxc6 Bxc6 13. Qe2 Ne4 14. g3 Nxf2 15. Rxf2 Bxf2+ 16. Kxf2 g5 17. Qxe6+ Kg7 18. Qg4 Kh8 19. Qh5 Qe7 20. Re1 Qg7 21. Bxh7 Qxh7 22. Qxg5 Qxh2+ 23. Kf1 Rf7 24. Re6 Qh3+ 25. Kg1 Qxe6 26. Be5+ Kh7 1-0

[Event "Ruhrgebiet CupT"]
[Site "Ruhrgebiet"]
[Date "2005.04.23"]
[Round "?.2"]
[White "Bischof, Detlef"]
[Black "Kalka, Arkadius Georg"]
[Result "0-1"]
[WhiteElo "2171"]
[BlackElo "2387"]
[PlyCount "154"]
[EventDate "2005.02.19"]
[EventType "team"]
[EventRounds "2"]
[EventCountry "GER"]
[SourceTitle "EXT 2006"]
[Source "ChessBase"]
[SourceDate "2005.11.24"]
[SourceVersion "1"]
[SourceVersionDate "2005.11.24"]
[SourceQuality "1"]
[WhiteTeam "Dortmund Hansa"]
[BlackTeam "Gelsenkirchen"]
[WhiteTeamCountry "GER"]
[BlackTeamCountry "GER"]

1. d4 d5 2. c4 e6 3. Nc3 Nf6 4. Bg5 Nbd7 5. e3 Be7 6. Nf3 0-0 7. Rc1 a6 8. cxd5 exd5 9. Bd3 Re8 10. 0-0 c6 11. Qc2 Nf8 12. Ne5 Ng4 13. Bf4 Bd6 14. Nxg4 Bxg4 15. Bxd6 Qxd6 16. Na4 Rad8 17. Nc5 Re7 18. b4 Qf6 19. a4 Rd6 20. Rce1 Qh4 21. f3 Bc8 22. Qf2 Qh6 23. a5 Rd8 24. Re2 Qf6 25. Qe1 Bf5 26. Bxf5 Qxf5 27. Qd2 Qf6 28. Rfe1 Ng6 29. Nd3 Rde8 30. Kh1 Qd6 31. Nc5 Rd8 32. Qd3 h6 33. Qd2 Kh8 34. Kg1 Nh4 35. Kh1 Nf5 36. Nd3 Kg8 37. Kg1 f6 38. Nc5 Rde8 39. Nd3 h5 40. Nc5 g6 41. Nd3 Kg7 42. Nc5 h4 43. Nd3 h3 44. g3 Nxg3 45. hxg3 Qxg3+ 46. Kh1 Qxf3+ 47. Kh2 g5 48. Rf2 Qh5 49. Qe2 Qh4 50. Qf3 Qh6 51. Qg3 Qg6 52. Rd2 Qf5 53. Nf2 Rh8 54. Ng4 Qe4 55. Rf2 Rf8 56. Ref1 Re6 57. Rf5 Qc2+ 58. R1f2 Qe4 59. Rf1 Qc2+ 60. R1f2 Qb1 61. Qf3 Qxb4 62. Nxf6 Qd6+ 63. Kxh3 Rfxf6 64. Rxg5+ Kf8 65. Rf5 Ke7 66. Kg2 Rxf5 67. Qxf5 Rg6+ 68. Kf1 Qf6 69. Qh5 Qg7 70. Qh4+ Kd7 71. Qh3+ Kc7 72. Qh2+ Kc8 73. Qh3+ Kb8 74. Qh2+ Ka7 75. Ke2 Rh6 76. Qd6 Qg4+ 77. Kd2 Rxd6 0-1

[Event "Ruhrgebiet Cup tt"]
[Site "Ruhrgebiet"]
[Date "2004.02.07"]
[Round "1.2"]
[White "Bischof, Detlef"]
[Black "Koscielski, Janusch"]
[Result "1-0"]
[WhiteElo "2213"]
[BlackElo "2319"]
[PlyCount "117"]
[EventDate "2004.02.07"]
[EventType "team"]
[EventRounds "3"]
[EventCountry "GER"]
[SourceTitle "EXT 2006"]
[Source "ChessBase"]
[SourceDate "2005.11.24"]
[SourceVersion "1"]
[SourceVersionDate "2005.11.24"]
[SourceQuality "1"]
[WhiteTeam "Dortmund Hansa"]
[BlackTeam "Sodingen"]
[WhiteTeamCountry "GER"]
[BlackTeamCountry "GER"]

1. d4 f5 2. Nf3 Nf6 3. g3 g6 4. Bg2 Bg7 5. 0-0 0-0 6. Nbd2 d6 7. Re1 Nc6 8. e4 e5 9. dxe5 dxe5 10. c3 f4 11. b4 a6 12. a4 Ng4 13. Ba3 b5 14. c4 fxg3 15. fxg3 Nd4 16. h3 Nf6 17. Bb2 Nh5 18. Nxd4 exd4 19. axb5 Bb7 20. bxa6 Rxa6 21. Rxa6 Bxa6 22. b5 Bb7 23. c5 Kh8 24. c6 Bc8 25. Nf1 Be5 26. Qd3 Qf6 27. Re2 g5 28. Rd2 g4 29. hxg4 Bxg4 30. Bxd4 Ng7 31. Bxe5 Qxe5 32. Qd5 Qa1 33. Qc5 Ne6 34. Qe3 Qb1 35. Rf2 Rxf2 36. Qxf2 Qxb5 37. Qf6+ Kg8 38. e5 Qc4 39. Kh2 Qd4 40. Bh3 Qb2+ 41. Bg2 Qd4 42. Kh1 Qd8 43. Qxd8+ Nxd8 44. Ne3 Be6 45. Nd5 Bxd5 46. Bxd5+ Kg7 47. Kg2 Kg6 48. g4 Kg5 49. Kg3 Kg6 50. Kf4 h6 51. Ke3 Kg7 52. Ke4 Kh7 53. Kf5 Kg7 54. e6 h5 55. e7 Nf7 56. Bxf7 Kxf7 57. gxh5 Kxe7 58. h6 Kf7 59. h7 1-0

[Event "Oberliga NRW 0203 I"]
[Site "Germany"]
[Date "2003.05.04"]
[Round "9.4"]
[White "Stork, Ivo"]
[Black "Bischof, Detlef"]
[Result "1-0"]
[WhiteElo "2380"]
[BlackElo "2268"]
[PlyCount "65"]
[EventDate "2002.10.06"]
[EventType "team"]
[EventRounds "9"]
[EventCountry "GER"]
[SourceTitle "EXT 2004"]
[Source "ChessBase"]
[SourceDate "2003.11.25"]
[SourceVersion "1"]
[SourceVersionDate "2003.11.25"]
[SourceQuality "1"]
[WhiteTeam "Krefeld"]
[BlackTeam "Dortmund Hansa"]
[WhiteTeamCountry "GER"]
[BlackTeamCountry "GER"]

1. d4 d5 2. c4 e6 3. Nc3 Nf6 4. cxd5 exd5 5. Bg5 c6 6. e3 Qb6 7. Bd3 Qxb2 8. Nge2 Bb4 9. Rc1 Qxa2 10. 0-0 Qa5 11. Bxf6 gxf6 12. Qb3 Bxc3 13. Nxc3 Nd7 14. Rce1 Qb6 15. Qa3 Kd8 16. Rb1 Qc7 17. e4 Nb6 18. exd5 Nxd5 19. Nxd5 cxd5 20. Rfc1 Qe7 21. Qa5+ Ke8 22. Qxd5 Kf8 23. Re1 Be6 24. Qf3 Qd6 25. Qxf6 Rg8 26. g3 b6 27. d5 Qxd5 28. Be4 Qd8 29. Qh6+ Rg7 30. Bxa8 Qxa8 31. Rbd1 Kg8 32. Qf6 Bd5 33. Rxd5 1-0

[Event "GER-ch 74th"]
[Site "Saarbruecken"]
[Date "2002.11.29"]
[Round "8"]
[White "Bischof, Detlef"]
[Black "Scherer, Max"]
[Result "1-0"]
[WhiteElo "2268"]
[BlackElo "2339"]
[PlyCount "129"]
[EventDate "2002.11.22"]
[EventType "swiss"]
[EventRounds "9"]
[EventCountry "GER"]
[SourceTitle "CBM 093"]
[Source "ChessBase"]
[SourceDate "2003.04.01"]
[SourceVersion "1"]
[SourceVersionDate "2003.04.01"]
[SourceQuality "1"]

1. d4 b6 2. e4 e6 3. c4 Bb7 4. Bd3 f5 5. exf5 Bb4+ 6. Kf1 Nf6 7. c5 bxc5 8. a3 c4 9. Bxc4 Ba5 10. fxe6 Nc6 11. Nf3 dxe6 12. Be3 0-0 13. Nc3 Bxc3 14. Bxe6+ Kh8 15. bxc3 Qe7 16. Bc4 Ne4 17. Qc2 Rae8 18. Bd3 Nd8 19. Ne5 Qh4 20. Kg1 Nd6 21. h3 Ne6 22. Nd7 Rf7 23. Ne5 Rf6 24. Nd7 Rf7 25. Nc5 Ba8 26. Nxe6 Rxe6 27. c4 Be4 28. Rb1 Rf8 29. c5 Nf5 30. Bxe4 Rxe4 31. Bg5 Nxd4 32. Bxh4 Nxc2 33. Bg3 Nxa3 34. Rb7 h5 35. Rxa7 Nb5 36. Rb7 c6 37. Rb6 Rf6 38. h4 Rc4 39. Kh2 Rxc5 40. Re1 Rc4 41. Re7 Rg4 42. f3 Rc4 43. Re5 Rh6 44. Rg5 Nd4 45. Rb7 Ne6 46. Rf5 Kh7 47. Rd7 Rc5 48. Rff7 Rc2 49. f4 Kg8 50. f5 Nf8 51. Rxg7+ Kh8 52. Ra7 Rc5 53. Rgf7 Kg8 54. Rg7+ Kh8 55. Rgf7 Kg8 56. Bf4 Rh7 57. Rxf8+ Kxf8 58. Rxh7 Rxf5 59. Bg5 Rf7 60. Rxh5 Kg7 61. Kg3 Rd7 62. Be3 Kg6 63. Rh6+ Kf5 64. Rxc6 Rd3 65. Kf3 1-0

[Event "GER-ch 74th"]
[Site "Saarbruecken"]
[Date "2002.11.26"]
[Round "5"]
[White "Bischof, Detlef"]
[Black "Schmidt, Harald"]
[Result "0-1"]
[WhiteElo "2268"]
[BlackElo "2332"]
[PlyCount "48"]
[EventDate "2002.11.22"]
[EventType "swiss"]
[EventRounds "9"]
[EventCountry "GER"]
[SourceTitle "CBM 093"]
[Source "ChessBase"]
[SourceDate "2003.04.01"]
[SourceVersion "1"]
[SourceVersionDate "2003.04.01"]
[SourceQuality "1"]

1. d4 d6 2. Nf3 Nf6 3. c4 g6 4. Nc3 Bg7 5. g3 0-0 6. Bg2 Nc6 7. 0-0 Bd7 8. h3 Qc8 9. Kh2 e5 10. d5 Nd4 11. Ne1 c6 12. e3 Nf5 13. e4 Nd4 14. f4 cxd5 15. fxe5 dxe5 16. Bg5 Nxe4 17. Nxd5 Qxc4 18. Ne3 Qe6 19. h4 h6 20. Bxe4 Qh3+ 21. Kg1 hxg5 22. h5 Qxg3+ 23. N1g2 g4 24. hxg6 fxg6 0-1

[Event "GER-ch 74th"]
[Site "Saarbruecken"]
[Date "2002.11.24"]
[Round "3"]
[White "Bischof, Detlef"]
[Black "Mueller, Karsten"]
[Result "0-1"]
[WhiteElo "2268"]
[BlackElo "2518"]
[PlyCount "114"]
[EventDate "2002.11.22"]
[EventType "swiss"]
[EventRounds "9"]
[EventCountry "GER"]
[SourceTitle "CBM 093"]
[Source "ChessBase"]
[SourceDate "2003.04.01"]
[SourceVersion "1"]
[SourceVersionDate "2003.04.01"]
[SourceQuality "1"]

1. d4 d5 2. c4 e6 3. Nc3 c6 4. Nf3 Nf6 5. cxd5 exd5 6. Bg5 h6 7. Bh4 Be7 8. Qc2 g6 9. e3 Bf5 10. Bd3 Bxd3 11. Qxd3 Nbd7 12. 0-0 0-0 13. Rab1 a5 14. Qc2 Ne8 15. Bxe7 Qxe7 16. e4 dxe4 17. Nxe4 Nd6 18. Rfe1 Nf6 19. Ng3 Qc7 20. h4 h5 21. Qc1 Rfe8 22. Re5 Ng4 23. Qg5 Nxe5 24. dxe5 Nc4 25. Nxh5 Rxe5 26. Nf6+ Kg7 27. Nh5+ Kf8 28. Nxe5 Qxe5 29. Qxe5 Nxe5 30. Nf4 Rd8 31. Re1 Nc4 32. Re2 Rd1+ 33. Kh2 Ra1 34. b3 Nd6 35. Nd3 Nf5 36. g3 Nd4 37. Rb2 Ke7 38. Kg2 Kd6 39. Rd2 c5 40. Nf4 Ke5 41. Nd3+ Kd6 42. f4 b5 43. Ne5 Kd5 44. Kf2 f6 45. Nd7 f5 46. Ne5 Ke4 47. Nxg6 c4 48. bxc4 bxc4 49. h5 c3 50. Rxd4+ Kxd4 51. h6 Rxa2+ 52. Kf3 Rb2 53. h7 Rb8 54. Ke2 a4 55. Ne7 Ke4 56. Ng8 Rb2+ 57. Kd1 Kd3 0-1

[Event "Oberliga NRW 0203 I"]
[Site "Germany"]
[Date "2002.10.06"]
[Round "1.4"]
[White "Bischof, Detlef"]
[Black "Fischdick, Gisela"]
[Result "0-1"]
[WhiteElo "2268"]
[BlackElo "2213"]
[PlyCount "84"]
[EventDate "2002.10.06"]
[EventType "team"]
[EventRounds "9"]
[EventCountry "GER"]
[SourceTitle "EXT 2004"]
[Source "ChessBase"]
[SourceDate "2003.11.25"]
[SourceVersion "1"]
[SourceVersionDate "2003.11.25"]
[SourceQuality "1"]
[WhiteTeam "Dortmund Hansa"]
[BlackTeam "Elberfeld"]
[WhiteTeamCountry "GER"]
[BlackTeamCountry "GER"]

1. d4 d5 2. c4 c6 3. Nf3 Nf6 4. Nc3 a6 5. e3 b5 6. b3 Bg4 7. Be2 e6 8. 0-0 Nbd7 9. h3 Bh5 10. Bb2 Bd6 11. Ne5 Bxe2 12. Nxe2 Qc7 13. cxd5 cxd5 14. Rc1 Qb8 15. Nc6 Qb6 16. Ne5 Qb8 17. f4 0-0 18. Rc6 Rc8 19. Qc2 Nf8 20. Rc1 Rxc6 21. Qxc6 b4 22. Rc2 g6 23. g4 Ne4 24. f5 Qd8 25. fxe6 fxe6 26. Nf4 Ra7 27. Nxd5 Bxe5 28. Nxb4 Bd6 29. Nxa6 Qa5 30. Qxe4 Qe1+ 31. Kg2 Qg3+ 32. Kf1 Rxa6 33. d5 e5 34. a4 Ra7 35. Rf2 Rc7 36. Ke2 Qxh3 37. a5 Qg3 38. a6 Nd7 39. Qa4 Nc5 40. Qe8+ Kg7 41. a7 Rxa7 42. g5 Qxg5 0-1

[Event "Oberliga NRW 0102 II"]
[Site "Germany"]
[Date "2002.05.05"]
[Round "9.4"]
[White "Bischof, Detlef"]
[Black "Lupor, Stefan"]
[Result "1/2-1/2"]
[WhiteElo "2268"]
[BlackElo "2218"]
[PlyCount "77"]
[EventDate "2001.10.??"]
[EventType "team"]
[EventRounds "9"]
[EventCountry "GER"]
[SourceTitle "EXT 2004"]
[Source "ChessBase"]
[SourceDate "2003.11.25"]
[SourceVersion "1"]
[SourceVersionDate "2003.11.25"]
[SourceQuality "1"]
[WhiteTeam "Dortmund Hansa"]
[BlackTeam "Gerresheim"]
[WhiteTeamCountry "GER"]
[BlackTeamCountry "GER"]

1. d4 d5 2. c4 dxc4 3. e4 e5 4. Nf3 exd4 5. Bxc4 Nc6 6. Nbd2 Be6 7. Bxe6 fxe6 8. Qb3 Qd7 9. Qxb7 Rb8 10. Qa6 Nf6 11. 0-0 Bb4 12. e5 Ng4 13. Re1 Qd5 14. Re4 h5 15. Qd3 0-0 16. Nc4 Bc5 17. Bd2 Rf5 18. Rae1 Bb4 19. b3 Bxd2 20. Qxd2 Rbf8 21. h3 Nh6 22. R1e2 Rxf3 23. gxf3 Rxf3 24. Kg2 Rf5 25. f3 Nf7 26. h4 Qd8 27. Rf4 Nh6 28. Ree4 Qe8 29. Rxf5 Nxf5 30. Qg5 Nb4 31. Re1 Nd5 32. Nd2 Nfe3+ 33. Kh3 Qf7 34. Rg1 Nf4+ 35. Kh2 c5 36. Rg3 Ne2 37. Rh3 Nf4 38. Rg3 Ne2 39. Rh3 1/2-1/2

[Event "Oberliga NRW 0102 II"]
[Site "Germany"]
[Date "2002.04.07"]
[Round "8.4"]
[White "Wagner, Alexej"]
[Black "Bischof, Detlef"]
[Result "0-1"]
[WhiteElo "2250"]
[BlackElo "2268"]
[PlyCount "127"]
[EventDate "2001.10.??"]
[EventType "team"]
[EventRounds "9"]
[EventCountry "GER"]
[SourceTitle "EXT 2004"]
[Source "ChessBase"]
[SourceDate "2003.11.25"]
[SourceVersion "1"]
[SourceVersionDate "2003.11.25"]
[SourceQuality "1"]
[WhiteTeam "Lippstadt Turm"]
[BlackTeam "Dortmund Hansa"]
[WhiteTeamCountry "GER"]
[BlackTeamCountry "GER"]

1. d4 d5 2. c4 e6 3. Nf3 Nf6 4. Nc3 c5 5. cxd5 cxd4 6. Qxd4 exd5 7. e4 Nc6 8. Bb5 dxe4 9. Qxd8+ Kxd8 10. Ng5 Be6 11. Nxe6+ fxe6 12. Bg5 Bb4 13. 0-0-0+ Ke8 14. Bxf6 gxf6 15. Nxe4 Rc8 16. Kb1 f5 17. Nd6+ Bxd6 18. Rxd6 Ke7 19. Rd3 Ne5 20. Rd2 Rhd8 21. Re2 Nc6 22. Bxc6 Rxc6 23. Rhe1 Kf6 24. f4 Rd4 25. g3 h5 26. Rc1 Rxc1+ 27. Kxc1 h4 28. Kc2 hxg3 29. hxg3 Ke7 30. Rh2 Kd6 31. Rh7 Kc6 32. Re7 Re4 33. Kd3 a6 34. b3 Re1 35. a4 a5 36. Re8 b6 37. Rg8 Kc5 38. Kd2 Rg1 39. Rg6 Kd5 40. Kd3 Rd1+ 41. Kc3 Rf1 42. Kd3 Rf3+ 43. Kc2 Rf2+ 44. Kd3 Rf3+ 45. Kc2 Re3 46. Rg8 Ke4 47. Rg7 Kf3 48. Rg6 Re4 49. Kc3 Kf2 50. Kd3 Re3+ 51. Kc2 Re2+ 52. Kc3 Re3+ 53. Kc2 Kf3 54. Rg7 Re2+ 55. Kc3 Rg2 56. Rg6 Re2 57. Kd3 Re4 58. Rg7 Rb4 59. Kc3 b5 60. axb5 Rxb5 61. Rg6 Rb6 62. Kc2 Rd6 63. Kc3 Rc6+ 64. Kd4 0-1

[Event "NRW-ch"]
[Site "Dortmund"]
[Date "2001.10.10"]
[Round "5"]
[White "Bischof, Detlef"]
[Black "Karger, Frank"]
[Result "1-0"]
[WhiteElo "2204"]
[BlackElo "2168"]
[PlyCount "85"]
[EventDate "2001.10.06"]
[EventType "tourn"]
[EventRounds "9"]
[EventCountry "GER"]
[SourceTitle "CBM 085 Extra"]
[Source "ChessBase"]
[SourceDate "2002.01.21"]
[SourceVersion "1"]
[SourceVersionDate "2002.01.21"]
[SourceQuality "1"]

1. d4 Nf6 2. c4 e6 3. Bg5 h6 4. Bh4 Bb4+ 5. Nd2 c5 6. a3 Bxd2+ 7. Qxd2 g5 8. Bg3 Ne4 9. Qe3 Nxg3 10. hxg3 Qa5+ 11. Qc3 Qxc3+ 12. bxc3 d6 13. Nf3 f6 14. Nd2 Ke7 15. e3 b6 16. Be2 Bb7 17. Bf3 Nc6 18. d5 Ne5 19. dxe6 Nxf3+ 20. gxf3 Kxe6 21. e4 f5 22. Ke2 Raf8 23. g4 f4 24. a4 Bc6 25. a5 b5 26. cxb5 Bxb5+ 27. c4 Ba6 28. Kd3 Rb8 29. Rab1 Rxb1 30. Nxb1 Bb7 31. Nc3 Bc6 32. Nb5 Rh7 33. Nc3 Kf6 34. Rb1 Rh8 35. Nd5+ Ke6 36. Nc7+ Ke5 37. Nd5 Ke6 38. Rh1 Rh7 39. Kc3 Ke5 40. Rb1 Rh8 41. Ne7 Be8 42. Rb8 Ke6 43. Nf5 1-0

[Event "Ruhrgebiet Regionalliga 0001"]
[Site "Ruhrgebiet"]
[Date "2001.02.11"]
[Round "6"]
[White "Bischof, Detlef"]
[Black "Nautsch, Werner"]
[Result "1-0"]
[WhiteElo "2181"]
[BlackElo "2248"]
[PlyCount "99"]
[EventDate "2000.09.17"]
[EventType "team-tourn"]
[EventRounds "11"]
[EventCountry "GER"]
[SourceTitle "EXT 2024"]
[Source "ChessBase"]
[SourceDate "2023.10.10"]
[SourceVersion "1"]
[SourceVersionDate "2023.10.10"]
[SourceQuality "1"]
[WhiteTeam "Dortmund Hansa"]
[BlackTeam "Katernberg SF II"]
[WhiteTeamCountry "GER"]
[BlackTeamCountry "GER"]

1. d4 d6 2. Nf3 g6 3. c4 Bg7 4. Nc3 Nc6 5. d5 Ne5 6. Nxe5 Bxe5 7. e4 c5 8. Be2 f5 9. exf5 Bxf5 10. 0-0 h5 11. Bd3 Nf6 12. Ne2 Ng4 13. h3 Nh6 14. Bxh6 Rxh6 15. Bxf5 gxf5 16. Qd2 Rg6 17. Nf4 Bxf4 18. Qxf4 Qd7 19. Rfe1 0-0-0 20. Re3 Rdg8 21. g3 e5 22. dxe6 Rxe6 23. Rae1 Rxe3 24. Rxe3 Kc7 25. Kh2 Qf7 26. Rd3 Qe6 27. Rd5 Rf8 28. Rxc5+ Kd7 29. Rd5 b6 30. Rd3 Rf6 31. Re3 Qg8 32. Qf3 Qc8 33. Qxh5 Rf8 34. Qh7+ Kc6 35. Re7 a5 36. a3 a4 37. Qh5 b5 38. Qf3+ Kb6 39. cxb5 Kxb5 40. Qd3+ Kc5 41. Qc3+ Kd5 42. Qd2+ Kc6 43. Qa5 Qb8 44. Qxa4+ Kd5 45. Qa5+ Kc6 46. Qc3+ Kb6 47. Qd4+ Kc6 48. Qc4+ Kb6 49. Re3 Qc8 50. Qb4+ 1-0